<?xml version="1.0" encoding="UTF-8"?>
<record
    xmlns:xsi="http://www.w3.org/2001/XMLSchema-instance"
    xsi:schemaLocation="http://www.loc.gov/MARC21/slim http://www.loc.gov/standards/marcxml/schema/MARC21slim.xsd"
    xmlns="http://www.loc.gov/MARC21/slim">

  <leader>00432nam a2200169Ia 4500</leader>
  <controlfield tag="003">OSt</controlfield>
  <controlfield tag="005">20240224145756.0</controlfield>
  <controlfield tag="008">170619s9999    xx            000 0 und d</controlfield>
  <datafield tag="020" ind1=" " ind2=" ">
    <subfield code="a">9788129704788</subfield>
  </datafield>
  <datafield tag="040" ind1=" " ind2=" ">
    <subfield code="c">IIMT ENGINEERING COLLEGE</subfield>
  </datafield>
  <datafield tag="100" ind1=" " ind2=" ">
    <subfield code="a">Wheelen Hunger</subfield>
  </datafield>
  <datafield tag="245" ind1=" " ind2="0">
    <subfield code="a">Concepts in strategic management and business policy</subfield>
  </datafield>
  <datafield tag="260" ind1=" " ind2=" ">
    <subfield code="b">Singapore Pearson Pub.</subfield>
  </datafield>
  <datafield tag="260" ind1=" " ind2=" ">
    <subfield code="c">2005</subfield>
  </datafield>
  <datafield tag="546" ind1=" " ind2=" ">
    <subfield code="a">ENGLISH</subfield>
  </datafield>
  <datafield tag="942" ind1=" " ind2=" ">
    <subfield code="2">ddc</subfield>
    <subfield code="c">02</subfield>
  </datafield>
  <datafield tag="999" ind1=" " ind2=" ">
    <subfield code="c">22097</subfield>
    <subfield code="d">22097</subfield>
  </datafield>
  <datafield tag="952" ind1=" " ind2=" ">
    <subfield code="0">0</subfield>
    <subfield code="1">0</subfield>
    <subfield code="2">ddc</subfield>
    <subfield code="4">0</subfield>
    <subfield code="7">0</subfield>
    <subfield code="a">13</subfield>
    <subfield code="b">13</subfield>
    <subfield code="e">21</subfield>
    <subfield code="g">250.00</subfield>
    <subfield code="l">0</subfield>
    <subfield code="p">13-B-1876</subfield>
    <subfield code="r">2017-06-23</subfield>
    <subfield code="w">2017-06-23</subfield>
    <subfield code="y">01</subfield>
  </datafield>
  <datafield tag="952" ind1=" " ind2=" ">
    <subfield code="0">0</subfield>
    <subfield code="1">0</subfield>
    <subfield code="2">ddc</subfield>
    <subfield code="4">0</subfield>
    <subfield code="7">0</subfield>
    <subfield code="a">13</subfield>
    <subfield code="b">13</subfield>
    <subfield code="e">21</subfield>
    <subfield code="g">250.00</subfield>
    <subfield code="l">0</subfield>
    <subfield code="p">13-B-1877</subfield>
    <subfield code="r">2017-06-23</subfield>
    <subfield code="w">2017-06-23</subfield>
    <subfield code="y">01</subfield>
  </datafield>
  <datafield tag="952" ind1=" " ind2=" ">
    <subfield code="0">0</subfield>
    <subfield code="1">0</subfield>
    <subfield code="2">ddc</subfield>
    <subfield code="4">0</subfield>
    <subfield code="7">0</subfield>
    <subfield code="a">13</subfield>
    <subfield code="b">13</subfield>
    <subfield code="e">21</subfield>
    <subfield code="g">250.00</subfield>
    <subfield code="l">0</subfield>
    <subfield code="p">13-B-1878</subfield>
    <subfield code="r">2017-06-23</subfield>
    <subfield code="w">2017-06-23</subfield>
    <subfield code="y">01</subfield>
  </datafield>
  <datafield tag="952" ind1=" " ind2=" ">
    <subfield code="0">0</subfield>
    <subfield code="1">0</subfield>
    <subfield code="2">ddc</subfield>
    <subfield code="4">0</subfield>
    <subfield code="7">0</subfield>
    <subfield code="a">13</subfield>
    <subfield code="b">13</subfield>
    <subfield code="e">21</subfield>
    <subfield code="g">250.00</subfield>
    <subfield code="l">0</subfield>
    <subfield code="p">13-B-1879</subfield>
    <subfield code="r">2017-06-23</subfield>
    <subfield code="w">2017-06-23</subfield>
    <subfield code="y">01</subfield>
  </datafield>
  <datafield tag="952" ind1=" " ind2=" ">
    <subfield code="0">0</subfield>
    <subfield code="1">0</subfield>
    <subfield code="2">ddc</subfield>
    <subfield code="4">0</subfield>
    <subfield code="7">0</subfield>
    <subfield code="a">13</subfield>
    <subfield code="b">13</subfield>
    <subfield code="e">21</subfield>
    <subfield code="g">250.00</subfield>
    <subfield code="l">0</subfield>
    <subfield code="p">13-B-1880</subfield>
    <subfield code="r">2017-06-23</subfield>
    <subfield code="w">2017-06-23</subfield>
    <subfield code="y">01</subfield>
  </datafield>
  <datafield tag="952" ind1=" " ind2=" ">
    <subfield code="0">0</subfield>
    <subfield code="1">0</subfield>
    <subfield code="2">ddc</subfield>
    <subfield code="4">0</subfield>
    <subfield code="7">0</subfield>
    <subfield code="a">13</subfield>
    <subfield code="b">13</subfield>
    <subfield code="e">21</subfield>
    <subfield code="g">250.00</subfield>
    <subfield code="l">0</subfield>
    <subfield code="p">13-B-1881</subfield>
    <subfield code="r">2017-06-23</subfield>
    <subfield code="w">2017-06-23</subfield>
    <subfield code="y">01</subfield>
  </datafield>
  <datafield tag="952" ind1=" " ind2=" ">
    <subfield code="0">0</subfield>
    <subfield code="1">0</subfield>
    <subfield code="2">ddc</subfield>
    <subfield code="4">0</subfield>
    <subfield code="7">0</subfield>
    <subfield code="a">13</subfield>
    <subfield code="b">13</subfield>
    <subfield code="e">21</subfield>
    <subfield code="g">250.00</subfield>
    <subfield code="l">0</subfield>
    <subfield code="p">13-B-1882</subfield>
    <subfield code="r">2017-06-23</subfield>
    <subfield code="w">2017-06-23</subfield>
    <subfield code="y">01</subfield>
  </datafield>
  <datafield tag="952" ind1=" " ind2=" ">
    <subfield code="0">0</subfield>
    <subfield code="1">0</subfield>
    <subfield code="2">ddc</subfield>
    <subfield code="4">0</subfield>
    <subfield code="7">0</subfield>
    <subfield code="a">13</subfield>
    <subfield code="b">13</subfield>
    <subfield code="e">21</subfield>
    <subfield code="g">250.00</subfield>
    <subfield code="l">0</subfield>
    <subfield code="p">13-B-1883</subfield>
    <subfield code="r">2017-06-23</subfield>
    <subfield code="w">2017-06-23</subfield>
    <subfield code="y">01</subfield>
  </datafield>
  <datafield tag="952" ind1=" " ind2=" ">
    <subfield code="0">0</subfield>
    <subfield code="1">0</subfield>
    <subfield code="2">ddc</subfield>
    <subfield code="4">0</subfield>
    <subfield code="7">0</subfield>
    <subfield code="a">13</subfield>
    <subfield code="b">13</subfield>
    <subfield code="e">21</subfield>
    <subfield code="g">250.00</subfield>
    <subfield code="l">0</subfield>
    <subfield code="p">13-B-1884</subfield>
    <subfield code="r">2017-06-23</subfield>
    <subfield code="w">2017-06-23</subfield>
    <subfield code="y">01</subfield>
  </datafield>
  <datafield tag="952" ind1=" " ind2=" ">
    <subfield code="0">0</subfield>
    <subfield code="1">0</subfield>
    <subfield code="2">ddc</subfield>
    <subfield code="4">0</subfield>
    <subfield code="7">0</subfield>
    <subfield code="a">13</subfield>
    <subfield code="b">13</subfield>
    <subfield code="e">21</subfield>
    <subfield code="g">250.00</subfield>
    <subfield code="l">0</subfield>
    <subfield code="p">13-B-1885</subfield>
    <subfield code="r">2017-06-23</subfield>
    <subfield code="w">2017-06-23</subfield>
    <subfield code="y">01</subfield>
  </datafield>
</record>
